UBT Library

Lifespan development / (Record no. 44052)

000 -LEADER
fixed length control field 00844cam a2200265 a 4500
001 - CONTROL NUMBER
control field 15115683
005 - DATE AND TIME OF LATEST TRANSACTION
control field 20180302073416.0
008 - FIXED-LENGTH DATA ELEMENTS--GENERAL INFORMATION
fixed length control field 071217s2009 maua b 001 0 eng
010 ## - LIBRARY OF CONGRESS CONTROL NUMBER
LC control number 2007051353
020 ## - INTERNATIONAL STANDARD BOOK NUMBER
International Standard Book Number 9780205540877 (alk. paper)
020 ## - INTERNATIONAL STANDARD BOOK NUMBER
International Standard Book Number 0205540872 (alk. paper)
035 ## - SYSTEM CONTROL NUMBER
System control number (OCoLC)ocn185123394
035 ## - SYSTEM CONTROL NUMBER
System control number (OCoLC)185123394
040 ## - CATALOGING SOURCE
Original cataloging agency DLC
Transcribing agency DLC
Modifying agency YDX
-- YDXCP
-- BAKER
-- DLC
041 ## - LANGUAGE CODE
Language code of text/sound track or separate title eng
080 ## - UNIVERSAL DECIMAL CLASSIFICATION NUMBER
Universal Decimal Classification number 155 BOY
082 00 - DEWEY DECIMAL CLASSIFICATION NUMBER
Classification number 155 BOY
Edition number 22
100 1# - Rafti
Rafti 8
101 ## - Shkurtesa
Shkurtesa EKZ
245 10 - TITLE STATEMENT
Title Lifespan development /
Statement of responsibility, etc Denise Boyd, Helen Bee.
504 ## - BIBLIOGRAPHY, ETC. NOTE
Bibliography, etc Includes bibliographical references (p. 574-625) and indexes.
906 ## - LOCAL DATA ELEMENT F, LDF (RLIN)
a 7
b cbc
c orignew
d 1
e ecip
f 20
g y-gencatlg
942 ## - ADDED ENTRY ELEMENTS (KOHA)
Source of classification or shelving scheme
Item type Books
Holdings
Withdrawn status Lost status Damaged status Not for loan Date acquired Total Checkouts Date last seen Price effective from Koha item type
        03/02/2018   03/02/2018 03/02/2018 Books
UBT Library © 2015-2024. All rights reserved University Education for Business and Technology